Statistics for Western Australia Regions

Click here to take the quiz!

General Stats

  • This quiz has been taken 9 times
  • The average score is 21 of 138

Answer Stats

Answer% Correct
Perth
89%
Broome
67%
Augusta - Margaret River
56%
Bunbury
56%
Derby - West Kimberley
56%
East Pilbara
56%
Fremantle
56%
Mandurah
56%
Wyndham - East Kimberley
56%
Albany
44%
Busselton
44%
Cockburn
44%
Exmouth
44%
Joondalup
44%
Kalgoorlie - Boulder
44%
Port Hedland
44%
Rockingham
44%
Shark Bay
44%
Bayswater
33%
Carnarvon
33%
Claremont
33%
Denmark
33%
Esperance
33%
Geraldton - Greenough
33%
Kwinana
33%
Murray
33%
Nedlands
33%
Stirling
33%
Subiaco
33%
Swan
33%
Armadale
22%
Ashburton
22%
Bassendean
22%
Bridgetown - Greenbushes
22%
Bruce Rock
22%
Canning
22%
Capel
22%
Collie
22%
Dardanup
22%
Gnowangerup
22%
Harvey
22%
Jerramungup
22%
Kalamunda
22%
Kulin
22%
Lake Grace
22%
Manjimup
22%
Melville
22%
Mundaring
22%
Narrogin
22%
Northam
22%
Peppermint Grove
22%
Serpentine - Jarrahdale
22%
Victoria Plains
22%
Wanneroo
22%
York
22%
Belmont
11%
Boddington
11%
Cambridge
11%
Chittering
11%
Cottesloe
11%
Donnybrook - Balingup
11%
East Fremantle
11%
Gingin
11%
Gosnells
11%
Halls Creek
11%
Meekatharra
11%
Merredin
11%
Mosman Park
11%
Mount Magnet
11%
Nannup
11%
Northhampton
11%
Upper Gascoyne
11%
Waroona
11%
Wiluna
11%
Wongan - Ballidu
11%
Beverley
0%
Boyup Brook
0%
Brookton
0%
Broomehill - Tambellup
0%
Carnamah
0%
Chapman Valley
0%
Coolgardie
0%
Coorow
0%
Corrigin
0%
Cranbrook
0%
Cuballing
0%
Cue
0%
Cunderdin
0%
Dalwallinu
0%
Dandaragan
0%
Dowerin
0%
Dumbleyung
0%
Dundas
0%
Goomalling
0%
Irwin
0%
Katanning
0%
Kellerberrin
0%
Kent
0%
Kojonup
0%
Kondinin
0%
Koorda
0%
Laverton
0%
Leonora
0%
Menzies
0%
Mingenew
0%
Moora
0%
Morawa
0%
Mount Marshall
0%
Mukinbudin
0%
Mullewa
0%
Murchison
0%
Narembeen
0%
Ngaanyatjarraku
0%
Nungaring
0%
Perenjori
0%
Pingelly
0%
Plantagenet
0%
Quairading
0%
Ravensthrope
0%
Roebourne
0%
Sandstone
0%
South Perth
0%
Tammin
0%
Three Springs
0%
Toodyay
0%
Trayning
0%
Vincent
0%
Wagin
0%
Wandering
0%
West Arthur
0%
Westonia
0%
Wickepin
0%
Williams
0%
Woodanilling
0%
Wyalkatchem
0%
Yalgoo
0%
Yilgarn
0%

Score Distribution

Percentile by Number Answered

Percent of People with Each Score

Your Score History

You have not taken this quiz